[Event "Dayton Grand Prix"]
[Site "Dayton"]
[Date "1997.11.22"]
[Round "1"]
[White "Langreck, John"]
[Black "Abma, John"]
[Result "1-0"]
[WhiteElo "2314"]
[BlackElo "1528"]
[PlyCount "65"]
[EventDate "1997.08.23"]
[EventType "swiss"]
[EventRounds "4"]
[EventCountry "USA"]
[SourceTitle "EXT 2006"]
[Source "ChessBase"]
[SourceDate "2005.11.24"]
[SourceVersion "1"]
[SourceVersionDate "2005.11.24"]
[SourceQuality "1"]

1. e4 c5 2. Nf3 e6 3. d4 cxd4 4. Nxd4 Nf6 5. Nc3 Nc6 6. Ndb5 d6 7. Bf4 e5 8. Bg5 a6 9. Na3 Be7 10. Nc4 Nd4 11. Bxf6 Bxf6 12. Nd5 b5 13. Nce3 Bb7 14. c3 Ne6 15. a4 0-0 16. axb5 axb5 17. Rxa8 Bxa8 18. Bd3 Bg5 19. 0-0 Nc5 20. f3 Bxe3+ 21. Nxe3 Qb6 22. Qd2 Nxd3 23. Qxd3 Bc6 24. Kh1 Bd7 25. Nd5 Qd8 26. Rd1 f5 27. exf5 Bxf5 28. Qxb5 Be6 29. Qc6 Bf7 30. b4 Qa8 31. Ne7+ Kh8 32. Qxd6 Qa2 33. Ng6+ 1-0